000 00355nam a22001217a 4500
040 _cHS
082 _a631
100 _aអ៊ឺម ឈួន
245 _aដើម្បីលើកតំលៃនៃការវិភាគដី pour valoriser les analyses de sols
260 _aNew York
_bអ៊ីម ឈួន
_c1989
300 _a186p.
942 _cKB
999 _c8689
_d8689